000 00788cab a2200241 4500
001 ABS55551
008 090401t1996 xxu||||| |||| 00| 0 eng d
035 _a(Sirsi) u17276
041 _aeng
100 _aSewell, R.
245 _aPile it high, rent it cheap?
260 _c1996
350 _a0
490 _aSolicitors` Journal
_v140(27) 12 July 1996, 681(1)
520 _aConsiders the problem of having few comparables when reviewing rent for high bay warehouses. Suggests that alternative bases may have to be used until sufficient comparables are available.
650 _aHIGH BAY WAREHOUSES
650 _aINDUSTRIAL MARKET
650 _aRENT REVIEWS
650 _aVALUATION ISSUES
690 _aLANDLORD AND TENANT-RENT REVIEWS
942 _n0
948 _c04/03/1997
999 _c11456
_d11456